Diseño de un programa de responsabilidad social en el Colegio Federado de Ingenieros y Arquitectos de Costa Rica
Guardado en:
| 主要作者: | |
|---|---|
| 其他作者: | , |
| 格式: | 图书 |
| 语言: | Spanish |
| 出版: |
[San José, Costa Rica
2020
|
| 主题: | |
| 标签: |
添加标签
没有标签, 成为第一个标记此记录!
|
MARC
| LEADER | 00000nam a2200000Ia 4500 | ||
|---|---|---|---|
| 003 | 013790 | ||
| 005 | 20240313094501.0 | ||
| 008 | 140114s2020 cr a 000 ||spa d | ||
| 040 | |c cru CEDI | ||
| 100 | |a Cordero Rodríguez, Katherina , 1990- |9 2604 | ||
| 245 | |a Diseño de un programa de responsabilidad social en el Colegio Federado de Ingenieros y Arquitectos de Costa Rica | ||
| 260 | |a [San José, Costa Rica |c 2020 | ||
| 500 | |a Proyecto de graduación (licenciatura en ingeniería industrial)--Universidad de Costa Rica. Facultad de Ingeniería. Escuela de Ingeniería Industrial | ||
| 501 | |a Directora de Proyecto de Graduación: Inga. Yendry Fernández Mora | ||
| 650 | |x RESPONSABILIDAD SOCIAL DE LAS EMPRESAS |x PLANIFICACION EMPRESARIAL |x PLANIFICACION ESTRATEGICA |x IMAGEN DE LA EMPRESA | ||
| 700 | |a Jenkins Guardia, Arianne, 1992- |9 2606 | ||
| 700 | |a Fernández Mora, Yendry Dilana,1980- |d Directora del TFG |9 2517 | ||
| 942 | |c TFG |h TFG 8931 |i 013790 |6 TFG_8931_013790000000000 | ||
| 999 | |c 12837 |d 12837 | ||
